Historiaa kirjaimittain - I - Statistics

Yleistilastot
  • Tätä visaa on pelattu 1 276 kertaa
  • Keskiarvotulos 11 / 18
Vastaustilastot
Vihje Vastaus % Oikein
Machu Picchun rakentanut valtakunta Inkavaltakunta
95%
Nimitys Amerikan alkuperäiskansoille Intiaani
95%
Vuonna 622 alkunsa saanut uskonto Islam
95%
Renessanssi sai alkunsa tässä valtiossa Italia
90%
Konstantinopolin nykyinen nimi Istanbul
89%
"Julma" Venäjän ensimmäinen tsaari Iivana Julma
70%
Pohjois-Irlannin terroristiryhmä IRA
69%
Vuonna 874 ensimmäisen kerran asutettu valtio Islanti
68%
Ennen itsenäistymistään Alankomaiden Itä-Intiana tunnettu valtio Indonesia
65%
Nimitys vuosien 1713–1721 väliselle ajanjaksolle, jolloin Venäjä miehitti Suomea Isoviha
64%
Homeroksen nimiin laitettu eeppinen runokokoelma Ilias
54%
1800-luvun lopulla vaikuttanut taidesuuntaus, jolle vaikutelmien kuvaileminen oli ominaista Impressionismi
53%
Harhaoppisia tuominnut katolilainen instituutio Inkvisitio
44%
Hänen ja Ferdinandin välinen avioliitto johti Espanjan yhdistymiseen Isabella
41%
Laaja Pohjois-Amerikan itäosien alkuperäisasukkaiden ryhmä Irokeesit
26%
Pakistanissa asunut yksi maailman varhaisimmista sivilisaatioista Indus-kulttuuri
22%
13 "viattoman" paavin käyttämä nimi Innocentius
22%
Käsite, jolla viitataan palestiinalaisten kansannousuihin Israelia vastaan Intifada
19%
Ehtoja vastaavia visoja ei löytynyt
Tulosjakauma
Jokaisen tuloksen saaneiden osuus
Persentiili vastausten määrän mukaan
Tuloshistoriasi
Et ole pelannut tätä visaa